书目信息 |
| 题名: |
多媒体应用技术
|
|
| 作者: | 孙清伟 常荆燕 主编 | |
| 分册: | ||
| 出版信息: | 武汉 武汉工业大学出版社 2004.08 |
|
| 页数: | 479页 | |
| 开本: | 24cm | |
| 丛书名: | ||
| 单 册: | ||
| 中图分类: | TP31 | |
| 科图分类: | ||
| 主题词: | 软件 | |
| 电子资源: | ||
| ISBN: | 7-5629-2152-0 | |
| 000 | 00618nam0 2200193 450 | |
| 001 | 0940564982 | |
| 005 | 20181218094531.20 | |
| 010 | @a7-5629-2152-0@dCNY40.00 | |
| 100 | @a20090615d2004 km y0chiy0120 ea | |
| 101 | 0 | @achi |
| 102 | @aCN@b420000 | |
| 200 | 1 | @a多媒体应用技术@Aduo mei ti ying yong ji shu@f孙清伟 常荆燕主编@Fsun qing wei chang jing yan zhu bian |
| 210 | @a武汉@c武汉工业大学出版社@d2004.08 | |
| 215 | @a479页@d24cm | |
| 606 | 0 | @a软件 |
| 690 | @aTP31@v4 | |
| 701 | 0 | @a孙清伟 常荆燕@Asun qing wei chang jing yan@4主编 |
| 801 | 0 | @aCN@b大连网信软件有限公司图书馆·11@c20121018 |
| 905 | @aZUCC@dTP31@eS930 | |
| 多媒体应用技术/孙清伟 常荆燕主编.-武汉:武汉工业大学出版社,2004.08 |
| 479页;24cm |
| ISBN 7-5629-2152-0:CNY40.00 |
| ● |
| 相关链接 |
|
|
|
正题名:多媒体应用技术
索取号:TP31/S930
 
预约/预借
| 序号 | 登录号 | 条形码 | 馆藏地/架位号 | 状态 | 备注 |
| 1 | 1301475 | 213014753 | 自科库301/301自科库 46排6列5层/ [索取号:TP31/S930] | 在馆 | |
| 2 | 462447 | 204624479 | 自科二线504/504自科库 4排1列2层/ [索取号:TP31/S930] | 在馆 | |
| 3 | 462448 | 204624488 | 自科二线504/504自科库 5排2列3层/ [索取号:TP31/S930] | 在馆 | |
| 4 | 462449 | 204624497 | 城院文库/ [索取号:TP31/S930] | 在馆 | |
| 5 | 462450 | 204624503 | 自科二线504/504自科库 4排3列5层/ [索取号:TP31/S930] | 在馆 | |
| 6 | 462451 | 204624512 | 自科二线504/504自科库 4排3列5层/ [索取号:TP31/S930] | 在馆 | |
| 7 | 466611 | 204666110 | 自科二线504/504自科库 4排3列1层/ [索取号:TP31/S930] | 在馆 | |
| 8 | 468887 | 204688873 | 自科二线504/504自科库 4排3列1层/ [索取号:TP31/S930] | 在馆 | |
| 9 | 471421 | 204714210 | 自科二线504/504自科库 4排1列1层/ [索取号:TP31/S930] | 在馆 | |
| 10 | 471422 | 204714229 | 自科二线504/504自科库 5排4列3层/ [索取号:TP31/S930] | 在馆 | |
| 11 | 471423 | 204714238 | 自科二线504/504自科库 4排1列2层/ [索取号:TP31/S930] | 在馆 | |
| 12 | 471717 | 204717173 | 自科二线504/504自科库 5排1列4层/ [索取号:TP31/S930] | 在馆 | |
| 13 | 471718 | 204717182 | 自科库301/301自科库 46排6列5层/ [索取号:TP31/S930] | 在馆 | |
| 14 | 471719 | 204717191 | 自科二线504/504自科库 5排2列3层/ [索取号:TP31/S930] | 在馆 | |
| 15 | 471720 | 204717208 | 自科二线504/504自科库 3排3列4层/ [索取号:TP31/S930] | 在馆 | |
| 16 | 471721 | 204717217 | 自科二线504/504自科库 4排1列2层/ [索取号:TP31/S930] | 在馆 | |
| 17 | 471722 | 204717226 | 自科二线504/504自科库 4排1列2层/ [索取号:TP31/S930] | 在馆 | |
| 18 | 471723 | 204717235 | 自科二线504/504自科库 5排4列3层/ [索取号:TP31/S930] | 在馆 | |
| 19 | 471724 | 204717244 | 自科二线504/504自科库 3排3列4层/ [索取号:TP31/S930] | 在馆 | |
| 20 | 471725 | 204717253 | 自科二线504/504自科库 4排3列1层/ [索取号:TP31/S930] | 在馆 | |
| 21 | 471726 | 204717262 | 自科二线504/504自科库 3排3列4层/ [索取号:TP31/S930] | 在馆 | |
| 22 | 471727 | 204717271 | 自科二线504/504自科库 4排1列2层/ [索取号:TP31/S930] | 在馆 | |
| 23 | 471728 | 204717280 | 自科二线504/504自科库 4排4列4层/ [索取号:TP31/S930] | 在馆 | |
| 24 | 473614 | 204736143 | 自科二线504/504自科库 4排1列1层/ [索取号:TP31/S930] | 在馆 | |
| 25 | 473615 | 204736152 | 自科二线504/504自科库 4排4列3层/ [索取号:TP31/S930] | 在馆 | |
| 26 | 474239 | 204742396 | 自科二线504/504自科库 4排3列5层/ [索取号:TP31/S930] | 在馆 | |
| 27 | 474240 | 204742403 | 自科二线504/504自科库 16排2列5层/ [索取号:TP31/S930] | 在馆 | |
| 28 | 474241 | 204742412 | 自科二线504/504自科库 4排3列1层/ [索取号:TP31/S930] | 在馆 | |
| 29 | 489538 | 204895382 | 自科二线504/504自科库 17排2列2层/ [索取号:TP31/S930] | 在馆 | |
| 30 | 489539 | 204895391 | 自科二线504/504自科库 17排2列2层/ [索取号:TP31/S930] | 在馆 | |
| 31 | 489540 | 204895408 | 自科二线504/504自科库 17排2列2层/ [索取号:TP31/S930] | 在馆 | |
| 32 | 489541 | 204895417 | 自科二线504/504自科库 17排2列2层/ [索取号:TP31/S930] | 在馆 | |
| 33 | 489542 | 204895426 | 自科二线504/504自科库 17排2列2层/ [索取号:TP31/S930] | 在馆 | |
| 34 | 489774 | 204897745 | 自科二线504/504自科库 17排2列2层/ [索取号:TP31/S930] | 在馆 |